[Event "SF Neuenkirchen 1 - SG Niederkassel 1"]
[Site "NRW-Klasse, Gruppe 2 2015/201"]
[Date "2015.09.27"]
[Round "1.5"]
[White "Broehl, Stephan"]
[Black "Buendgen, Achim"]
[Result "1/2-1/2"]
[WhiteElo "2086"]
[BlackElo "2137"]
[PlyCount "57"]
[EventDate "2015.??.??"]
[WhiteTeam "SG Niederkassel 1"]
[BlackTeam "SF Neuenkirchen 1"]

1. e4 e5 2. Nc3 Nf6 3. Bc4 Nxe4 4. Qh5 Nd6 5. Qxe5+ Qe7 6. Qxe7+ Bxe7 7. Bb3
Nf5 8. Nf3 Nc6 9. Nd5 Bd8 10. c3 Nce7 11. O-O Nxd5 12. Bxd5 O-O 13. Re1 c6 14.
Bb3 d5 15. d4 h6 16. Bc2 Be6 17. Bf4 Bf6 18. Re2 Rad8 19. Rae1 Nd6 20. Ne5 Bc8
21. h3 h5 22. Nf3 Be6 23. Ng5 Bxg5 24. Bxg5 Rd7 25. f3 Nc4 26. b3 Nd6 27. a4
Bf5 28. Be7 Re8 29. Bxd6 1/2-1/2

[Event "SF Neuenkirchen 1 - SG Niederkassel 1"]
[Site "NRW-Klasse, Gruppe 2 2015/201"]
[Date "2015.09.27"]
[Round "1.6"]
[White "Seegers, Hendrik"]
[Black "Riedel, Holger"]
[Result "0-1"]
[WhiteElo "2130"]
[BlackElo "2145"]
[Annotator "Hausrath,Daniel"]
[PlyCount "78"]
[EventDate "2015.??.??"]
[WhiteTeam "SF Neuenkirchen 1"]
[BlackTeam "SG Niederkassel 1"]

1. d4 e6 2. Nf3 Nf6 3. Bf4 c5 4. e3 b6 5. Nbd2 d6 6. c3 Be7 7. h3 O-O 8. Bd3
Ba6 9. Qe2 Bxd3 10. Qxd3 Nc6 11. O-O Rc8 12. Rad1 cxd4 13. Nxd4 Nxd4 14. exd4
Qd7 15. Bg5 d5 16. Nf3 Rfe8 17. Qa6 $11 Qc7 18. Nd2 Nh5 19. Bxe7 Qxe7 20. Rfe1
Nf4 21. Re3 b5 22. Kh2 b4 23. g3 bxc3 24. bxc3 Ng6 25. f4 h5 26. Rf1 h4 27. f5
hxg3+ 28. Kg1 Qg5 29. Qe2 Nf8 30. Kg2 Rb8 31. Nb3 Rec8 32. fxe6 Nxe6 33. Rxe6
fxe6 34. Qxe6+ Kh7 35. Rf5 Re8 36. Rxg5 Rxe6 37. Kxg3 Rg6 38. Rxg6 Kxg6 39. Kf4
Rh8 {ZÜ} 0-1

[Event "SF Neuenkirchen 1 - SG Niederkassel 1"]
[Site "NRW-Klasse, Gruppe 2 2015/201"]
[Date "2015.09.27"]
[Round "1.7"]
[White "Schracke, Guido"]
[Black "Haves, Reinhard"]
[Result "0-1"]
[WhiteElo "2072"]
[BlackElo "2113"]
[PlyCount "68"]
[EventDate "2015.??.??"]
[WhiteTeam "SG Niederkassel 1"]
[BlackTeam "SF Neuenkirchen 1"]

1. e4 g6 2. d4 Bg7 3. Nc3 d6 4. Be2 Nc6 5. Be3 e5 6. d5 Nd4 7. Nf3 Nxe2 8. Qxe2
Nf6 9. h3 a6 10. g4 Bd7 11. Nd2 h5 12. g5 Nh7 13. Nf3 Qc8 14. Qf1 O-O 15. Nh4
b5 16. f4 exf4 17. Bxf4 Re8 18. Qf3 Qd8 19. Rf1 Qe7 20. Be3 b4 21. Nd1 Bb5 22.
Rf2 Rf8 23. a4 bxa3 24. Rxa3 Nxg5 25. Bxg5 Qxg5 26. Ng2 Rae8 27. Nge3 Qh4 28.
c4 Bd7 29. e5 Bxe5 30. Kd2 Bc8 31. Rg2 Bf4 32. Kc2 Bh6 33. Nf5 Bxf5+ 34. Qxf5
Re2+ 0-1

[Event "SF Neuenkirchen 1 - SG Niederkassel 1"]
[Site "NRW-Klasse, Gruppe 2 2015/201"]
[Date "2015.09.27"]
[Round "1.8"]
[White "Hachmeister, Dirk"]
[Black "Freundlieb, Thomas"]
[Result "1/2-1/2"]
[WhiteElo "2154"]
[BlackElo "1979"]
[PlyCount "129"]
[EventDate "2015.??.??"]
[WhiteTeam "SF Neuenkirchen 1"]
[BlackTeam "SG Niederkassel 1"]

1. Nf3 d6 2. g3 e5 3. Bg2 Nc6 4. O-O g6 5. c4 Bg7 6. Nc3 f5 7. Rb1 Nf6 8. b4
O-O 9. d3 h6 10. b5 Ne7 11. Ba3 Be6 12. Nd2 Rb8 13. Qa4 b6 14. Bb4 g5 15. Qxa7
Qd7 16. Qa4 f4 17. Qb3 Nf5 18. Nce4 Ng4 19. Nf3 Qe8 20. h3 Nf6 21. g4 Ne7 22.
Ned2 Nh7 23. Nh2 h5 24. Ne4 Qd7 25. f3 Bh6 26. a4 Nf6 27. Nxf6+ Rxf6 28. Bc3
Bg7 29. Rfc1 Rh6 30. a5 bxa5 31. Bxa5 Kf7 32. Be1 Ng8 33. Bf2 Nf6 34. b6 cxb6
35. Qb5 Qc8 36. c5 dxc5 37. Bxc5 Nd7 38. Bd6 Qh8 39. Bxb8 Qxb8 40. Rc6 Bf8 41.
d4 exd4 42. Qxg5 Rg6 43. Qxh5 Kg7 44. Qb5 Qa7 45. h4 Bf7 46. Rxg6+ Bxg6 47. Rd1
Bc5 48. Kh1 Nf6 49. Qb2 Qa4 50. Ra1 Qd7 51. g5 Nh5 52. Ng4 Qe7 53. Kh2 Ng3 54.
e4 Qd7 55. Bh3 Qc7 56. Ra8 Nxe4 57. fxe4 Bxe4 58. Re8 f3+ 59. Re5 Bf5 60. Qd2
Bd6 61. Qf4 Bxg4 62. Qf6+ Kg8 63. Qg6+ Kf8 64. Qh6+ Kg8 65. Qg6+ 1/2-1/2

[Event "Herforder SV Königsspringer 1 - SF Liem"]
[Site "NRW-Klasse, Gruppe 2 2015/201"]
[Date "2015.09.27"]
[Round "1.1"]
[White "Himpenmacher, Andy"]
[Black "Nordsieck, Thomas"]
[Result "1-0"]
[WhiteElo "2166"]
[BlackElo "2291"]
[PlyCount "97"]
[EventDate "2015.??.??"]
[WhiteTeam "SF Lieme 1"]
[BlackTeam "Herforder SV Königsspringer 1"]

1. e4 c5 2. Nc3 g6 3. g3 Bg7 4. Bg2 Nc6 5. d3 d6 6. Be3 Nf6 7. Nge2 O-O 8. h3
Rb8 9. d4 cxd4 10. Nxd4 Bd7 11. Nd5 Ne5 12. b3 e6 13. Nxf6+ Bxf6 14. O-O a6 15.
Qd2 Qc7 16. c4 Rfd8 17. Rac1 Be8 18. f4 Nc6 19. Nxc6 Bxc6 20. Qf2 b6 21. Bd4
Bxd4 22. Qxd4 e5 23. Qe3 exf4 24. Qxf4 Qe7 25. h4 Rb7 26. Rcd1 Rbd7 27. Bh3 Rc7
28. Rd4 Bb7 29. Rfd1 b5 30. e5 Rc5 31. exd6 Qe8 32. Qd2 Re5 33. d7 Qe7 34. Kf2
b4 35. Re1 f6 36. Rxe5 fxe5 37. Rd6 Qf8+ 38. Ke1 Qf3 39. Qd3 Qh1+ 40. Bf1 Qg1
41. Re6 e4 42. Re8+ Kf7 43. Qd6 Rxe8 44. dxe8=Q+ Kxe8 45. Qb8+ Kf7 46. Qxb7+
Kf6 47. Qxe4 Qxg3+ 48. Ke2 Qc3 49. Qf3+ 1-0

[Event "Herforder SV Königsspringer 1 - SF Liem"]
[Site "NRW-Klasse, Gruppe 2 2015/201"]
[Date "2015.09.27"]
[Round "1.2"]
[White "Kirnos, Evgeni"]
[Black "Schmitz, Philipp"]
[Result "0-1"]
[WhiteElo "2155"]
[BlackElo "2143"]
[PlyCount "82"]
[EventDate "2015.??.??"]
[WhiteTeam "Herforder SV Königsspringer 1"]
[BlackTeam "SF Lieme 1"]

1. e4 c5 2. Nf3 d6 3. d4 cxd4 4. Nxd4 Nf6 5. Nc3 a6 6. Bg5 e6 7. Qd2 Qc7 8. a4
b6 9. Bd3 Bb7 10. O-O Nbd7 11. Qe2 Be7 12. Kh1 h5 13. Rae1 h4 14. h3 Ne5 15.
Nf3 Nh5 16. Bxe7 Kxe7 17. Qe3 Nxf3 18. Qxf3 Qc5 19. Qe3 Rac8 20. Kg1 Qxe3 21.
Rxe3 Nf4 22. Rd1 Rh6 23. Rf3 e5 24. Kh2 f5 25. Re3 Rf6 26. Rd2 Nxd3 27. cxd3
fxe4 28. dxe4 Rc4 29. f3 Rb4 30. Red3 Bc6 31. Nd1 Bxa4 32. Ne3 Bb3 33. Nf5+
Rxf5 34. exf5 d5 35. Re3 Kf6 36. Rde2 d4 37. Rxe5 d3 38. Re6+ Bxe6 39. Rxe6+
Kxf5 40. Rd6 Rxb2 41. Rxd3 a5 0-1

[Event "Herforder SV Königsspringer 1 - SF Liem"]
[Site "NRW-Klasse, Gruppe 2 2015/201"]
[Date "2015.09.27"]
[Round "1.3"]
[White "Wittke, Rene"]
[Black "Peist, Juergen"]
[Result "0-1"]
[WhiteElo "2173"]
[BlackElo "2235"]
[Annotator "Hausrath,Daniel"]
[PlyCount "92"]
[EventDate "2015.??.??"]
[WhiteTeam "SF Lieme 1"]
[BlackTeam "Herforder SV Königsspringer 1"]

1. e4 c5 2. d4 cxd4 3. c3 d5 4. exd5 Nf6 5. cxd4 g6 6. Nf3 Bg7 7. Bb5+ Nbd7 8.
d6 O-O 9. dxe7 Qxe7+ 10. Be2 Re8 11. Nc3 b5 12. a3 Bb7 13. O-O a6 14. Bf4 Nh5
15. Be3 Rad8 16. Qb3 Nb6 17. Rfd1 Nd5 18. Nxd5 Bxd5 19. Qb4 Qb7 20. Rac1 Nf4
21. Bxf4 Rxe2 22. Rc7 Qb6 23. Qc5 Qe6 24. Bg3 Bxf3 25. gxf3 Re1+ 26. Rxe1 Qxe1+
27. Kg2 Bxd4 28. Qg5 Qe8 29. Qc1 $11 Kg7 30. Bh4 Rd7 31. Qc6 Rd8 32. Bxd8 Qxd8
33. Qb7 Qg5+ 34. Kh1 Qf4 35. Rc2 Be5 36. Kg2 Qxh2+ 37. Kf1 Qh1+ 38. Ke2 Qb1 39.
Qe4 Bxb2 40. Kd2 Qa1 41. Qb4 Bxa3 42. Qc3+ Qxc3+ 43. Kxc3 a5 44. Kd4 a4 45. Rc7
Bf8 46. Ra7 a3 0-1

[Event "Herforder SV Königsspringer 1 - SF Liem"]
[Site "NRW-Klasse, Gruppe 2 2015/201"]
[Date "2015.09.27"]
[Round "1.4"]
[White "Kassebaum, Roman"]
[Black "Schaffarczyk, Andre"]
[Result "1-0"]
[WhiteElo "2255"]
[BlackElo "2092"]
[PlyCount "63"]
[EventDate "2015.??.??"]
[WhiteTeam "Herforder SV Königsspringer 1"]
[BlackTeam "SF Lieme 1"]

1. Nf3 d5 2. g3 Nf6 3. Bg2 e6 4. O-O Be7 5. d3 O-O 6. Nbd2 d4 7. c4 dxc3 8.
bxc3 c5 9. Rb1 Nc6 10. c4 Qc7 11. Bb2 b6 12. Ne5 Bb7 13. Ndf3 Nd7 14. Nxd7 Qxd7
15. Qd2 Rfd8 16. Qf4 Rac8 17. Bc3 Ba8 18. a4 Nd4 19. Bxd4 cxd4 20. Ne5 Qe8 21.
Bxa8 Rxa8 22. Rb5 Bd6 23. Qe4 Bxe5 24. Qxe5 Qc6 25. Rfb1 f6 26. Qh5 Rac8 27. a5
bxa5 28. Rxa5 Rc7 29. Rba1 Rb8 30. Ra6 Rb1+ 31. Rxb1 Qxa6 32. Qe8# 1-0

[Event "Herforder SV Königsspringer 1 - SF Liem"]
[Site "NRW-Klasse, Gruppe 2 2015/201"]
[Date "2015.09.27"]
[Round "1.5"]
[White "Stork, Holger"]
[Black "Wolf, Andre"]
[Result "1/2-1/2"]
[WhiteElo "2044"]
[BlackElo "2175"]
[PlyCount "46"]
[EventDate "2015.??.??"]
[WhiteTeam "SF Lieme 1"]
[BlackTeam "Herforder SV Königsspringer 1"]

1. e4 e6 2. d3 d5 3. Qe2 Nf6 4. Nf3 Be7 5. e5 Nfd7 6. g3 b5 7. Bg2 c5 8. O-O
Nc6 9. h4 h6 10. h5 Bb7 11. Bf4 a5 12. Na3 Ba6 13. c4 bxc4 14. dxc4 Nb6 15. b3
Rc8 16. Nb5 Bxb5 17. cxb5 Nb8 18. Qd2 a4 19. bxa4 Nxa4 20. Qc2 Qa5 21. Rfb1 O-O
22. Bd2 Qa7 23. Bh3 Nd7 1/2-1/2

[Event "Herforder SV Königsspringer 1 - SF Liem"]
[Site "NRW-Klasse, Gruppe 2 2015/201"]
[Date "2015.09.27"]
[Round "1.6"]
[White "Pieper-Emden, Carsten"]
[Black "Niermann, Tristan"]
[Result "1-0"]
[WhiteElo "2170"]
[BlackElo "2018"]
[Annotator "Hausrath,Daniel"]
[PlyCount "95"]
[EventDate "2015.??.??"]
[WhiteTeam "Herforder SV Königsspringer 1"]
[BlackTeam "SF Lieme 1"]

1. e4 e5 2. Nf3 Nc6 3. Bb5 a6 4. Bxc6 dxc6 5. Nc3 Qf6 6. d4 exd4 7. Qxd4 Qxd4
8. Nxd4 Bd7 9. Bf4 O-O-O 10. O-O-O f6 11. f3 Bd6 12. Be3 Ne7 13. Kb1 Ng6 14.
Nb3 Kb8 15. Bc5 Be6 16. Bf2 h5 17. Nd4 Bc8 18. Nce2 c5 19. Nf5 Bxf5 20. exf5
Rhe8 21. Rde1 Ne5 22. b3 c4 23. Ng3 h4 24. Nh5 cxb3 25. axb3 h3 26. gxh3 Nxf3
27. Rxe8 Rxe8 28. Nxg7 Rh8 29. Bg3 Rxh3 30. Bxd6 cxd6 31. Ne8 Nd2+ 32. Kc1 Ne4
33. Rd1 Rxh2 $11 34. Nxd6 Ng3 35. Rd3 Ne2+ 36. Kb2 Nf4 37. Rc3 Rd2 38. Rc8+ Ka7
39. Rd8 Rd5 40. c4 Re5 41. Rf8 Nh5 42. b4 Kb6 43. Rc8 Ng3 44. c5+ Ka7 45. Rg8
Re2+ 46. Kc1 a5 47. b5 Nxf5 48. b6+ 1-0

[Event "Herforder SV Königsspringer 1 - SF Liem"]
[Site "NRW-Klasse, Gruppe 2 2015/201"]
[Date "2015.09.27"]
[Round "1.7"]
[White "Bundesmann, Joerg"]
[Black "Quelle, Helmut"]
[Result "1/2-1/2"]
[WhiteElo "2066"]
[BlackElo "2098"]
[Annotator "Hausrath,Daniel"]
[PlyCount "101"]
[EventDate "2015.??.??"]
[WhiteTeam "SF Lieme 1"]
[BlackTeam "Herforder SV Königsspringer 1"]

1. d4 Nf6 2. Nf3 g6 3. g3 Bg7 4. Bg2 O-O 5. O-O d5 6. Na3 Nbd7 7. c4 c6 8. cxd5
cxd5 9. Bf4 Qb6 10. Qd3 Nh5 11. Bd2 Ndf6 12. Qb5 Ne4 13. Ba5 Qe6 14. Qd3 b6 15.
Bd2 Bb7 16. Ng5 Nxg5 17. Bxg5 Rfc8 18. Rfe1 h6 19. Be3 a6 20. Rac1 Nf6 21. Nb1
Rxc1 22. Rxc1 Rc8 23. Rxc8+ Qxc8 24. Nc3 b5 25. h3 Qc6 26. a3 Ne4 27. Nxe4 dxe4
28. Qd2 Qc4 29. Qa5 e6 30. Qb6 Qc8 $11 31. Bf4 Qd7 32. Bd6 Bf6 33. e3 Qc6 34.
Qa7 Qc1+ 35. Kh2 Qc8 36. Bf4 g5 37. Bd6 Bg7 38. Qb6 Bf6 39. Bc5 Bd5 40. Qd6 Bg7
41. Bf1 Bc6 42. h4 Bf8 43. Qe5 Bg7 44. Qd6 Bf8 45. Qxf8+ Qxf8 46. Bxf8 Kxf8 47.
hxg5 hxg5 48. Kh3 Bd5 49. Kg4 f6 50. Be2 Kg7 51. Kh3 1/2-1/2

[Event "Herforder SV Königsspringer 1 - SF Liem"]
[Site "NRW-Klasse, Gruppe 2 2015/201"]
[Date "2015.09.27"]
[Round "1.8"]
[White "Loemker, Michael"]
[Black "Karsunke, Marvin"]
[Result "1-0"]
[WhiteElo "2052"]
[BlackElo "1778"]
[Annotator "Hausrath,Daniel"]
[PlyCount "103"]
[EventDate "2015.??.??"]
[WhiteTeam "Herforder SV Königsspringer 1"]
[BlackTeam "SF Lieme 1"]

1. d4 Nf6 2. c4 e6 3. Nf3 b6 4. g3 Bb7 5. Bg2 Be7 6. O-O O-O 7. Qc2 c5 8. Nc3
Nc6 9. dxc5 bxc5 10. Rd1 d6 11. Bg5 Ne8 12. Qd2 f6 13. Be3 Qa5 14. Ne1 Nd8 15.
Bxb7 Nxb7 16. f4 Qa6 17. b3 Qc6 18. f5 e5 19. Qd5+ Qxd5 20. Nxd5 Rf7 $11 21.
Nd3 Na5 22. Bd2 Nc6 23. Bc3 Bf8 24. e3 Nc7 25. Nxc7 Rxc7 26. Nb2 Rb8 27. g4 Kf7
28. Kg2 Be7 29. Rd2 Rcc8 30. Rad1 Nd8 31. Kf3 Nb7 32. h4 h6 33. Rg2 a5 34. Na4
Bd8 35. Bb2 Bc7 36. g5 hxg5 37. hxg5 Rh8 38. gxf6 gxf6 39. Rdg1 Rh7 40. Ke4
Rbh8 41. Kd5 Nd8 42. Nc3 Ke7 43. Rg7+ Nf7 44. Rxh7 Rxh7 45. Kc6 Bd8 46. Rg8 Nh6
47. Nd5+ Kf7 48. Rxd8 Nxf5 49. Rd7+ Kg6 50. Rxh7 Kxh7 51. Nxf6+ Kg6 52. Nd5 1-0

[Event "SG Ennepe-Ruhr-Süd 1 - SV Sundern 1"]
[Site "NRW-Klasse, Gruppe 2 2015/201"]
[Date "2015.09.27"]
[Round "1.1"]
[White "Doncea, Vladimir"]
[Black "Lupor, Stefan"]
[Result "1/2-1/2"]
[WhiteElo "2384"]
[BlackElo "2220"]
[PlyCount "72"]
[EventDate "2015.??.??"]
[WhiteTeam "SV Sundern 1"]
[BlackTeam "SG Ennepe-Ruhr-Süd 1"]

1. d4 Nf6 2. Nc3 d5 3. Bf4 e6 4. Nb5 Na6 5. e3 c6 6. Nc3 Qb6 7. a3 c5 8. dxc5
Bxc5 9. b4 Be7 10. Qd4 Qd8 11. Nf3 O-O 12. h3 Bd7 13. Be2 Nb8 14. O-O Nc6 15.
Qd3 a6 16. Rad1 Na7 17. Ne5 Be8 18. e4 Nb5 19. exd5 Nxc3 20. Qxc3 Nxd5 21. Qf3
Qc8 22. Nc4 Bb5 23. Rxd5 exd5 24. Nb6 Qxc2 25. Bxb5 axb5 26. Nxa8 Rxa8 27. Rc1
Qe4 28. Qxe4 dxe4 29. Rc7 Bf6 30. Rxb7 h6 31. Rxb5 Rxa3 32. Rb8+ Kh7 33. Re8
Bd4 34. g4 Rb3 35. Rxe4 Rxb4 36. Kg2 Bc3 1/2-1/2

[Event "SG Ennepe-Ruhr-Süd 1 - SV Sundern 1"]
[Site "NRW-Klasse, Gruppe 2 2015/201"]
[Date "2015.09.27"]
[Round "1.2"]
[White "Lupor, André"]
[Black "Stolte, Alexander"]
[Result "1/2-1/2"]
[WhiteElo "2160"]
[BlackElo "2168"]
[PlyCount "58"]
[EventDate "2015.??.??"]
[WhiteTeam "SG Ennepe-Ruhr-Süd 1"]
[BlackTeam "SV Sundern 1"]

1. Nf3 e6 2. c4 f5 3. g3 Nf6 4. Bg2 d5 5. O-O Bd6 6. d3 c6 7. Nc3 O-O 8. e4
dxe4 9. dxe4 e5 10. exf5 Bxf5 11. Nh4 Be6 12. b3 Qc7 13. Bb2 Nbd7 14. Qc2 Rae8
15. Rae1 Ng4 16. Ne4 Be7 17. Nf3 Bf5 18. h3 Ngf6 19. Nxf6+ Rxf6 20. Qc3 Re6 21.
b4 Bf6 22. c5 Bg6 23. Qc4 Bf7 24. Qc2 a5 25. a3 axb4 26. axb4 Bg6 27. Qb3 Bf7
28. Qc2 Bg6 29. Qb3 Bf7 1/2-1/2

[Event "SG Ennepe-Ruhr-Süd 1 - SV Sundern 1"]
[Site "NRW-Klasse, Gruppe 2 2015/201"]
[Date "2015.09.27"]
[Round "1.3"]
[White "Plass, Heinz"]
[Black "Tripolsky, Eugen"]
[Result "1/2-1/2"]
[WhiteElo "2054"]
[BlackElo "2199"]
[Annotator "Hausrath,Daniel"]
[PlyCount "80"]
[EventDate "2015.??.??"]
[WhiteTeam "SV Sundern 1"]
[BlackTeam "SG Ennepe-Ruhr-Süd 1"]

1. d4 Nf6 2. c4 c5 3. d5 b5 4. cxb5 a6 5. bxa6 g6 6. Nc3 Bg7 7. g3 O-O 8. Bg2
d6 9. Nf3 Bxa6 10. Rb1 Qa5 11. O-O Nbd7 12. Bd2 Rfb8 13. h3 Ne8 14. Qc2 Nc7 15.
b3 Nb5 16. Nxb5 Qxb5 17. Rfe1 Nb6 18. a4 Qd7 19. e4 Qa7 20. a5 Nd7 21. b4 Bb5
22. Be3 Qa6 23. bxc5 Nxc5 24. Bf1 $11 Bxf1 25. Rxf1 Rc8 26. Nd4 Bxd4 27. Bxd4
Ne6 28. Qd2 Nxd4 29. Qxd4 Qxa5 30. Rb7 Rc7 31. Rxc7 Qxc7 32. h4 Rc8 33. Kg2 Qc4
34. Rd1 Qxd4 35. Rxd4 Kg7 36. Ra4 Rc3 37. f4 Rd3 38. Ra7 Kf6 39. Kf2 h5 40. Rd7
Rd2+ 1/2-1/2

[Event "SG Ennepe-Ruhr-Süd 1 - SV Sundern 1"]
[Site "NRW-Klasse, Gruppe 2 2015/201"]
[Date "2015.09.27"]
[Round "1.4"]
[White "Moors, Hans"]
[Black "Tillmann, Markus"]
[Result "0-1"]
[WhiteElo "2057"]
[BlackElo "2060"]
[PlyCount "114"]
[EventDate "2015.??.??"]
[WhiteTeam "SG Ennepe-Ruhr-Süd 1"]
[BlackTeam "SV Sundern 1"]

1. Nf3 Nf6 2. c4 e6 3. g3 d5 4. Bg2 Be7 5. O-O O-O 6. Qc2 Na6 7. a3 Nc5 8. b4
Ncd7 9. Bb2 a5 10. cxd5 exd5 11. b5 a4 12. d3 Nc5 13. Nbd2 Bd7 14. Bd4 Ne6 15.
Rfb1 Ra5 16. b6 Nxd4 17. Nxd4 c6 18. e4 Bc5 19. Qb2 Ra6 20. h3 Bxb6 21. e5 Nh5
22. Kh2 Bc8 23. N2f3 g6 24. Qd2 Bxd4 25. Nxd4 Qe7 26. Re1 Re8 27. f4 Ng7 28. g4
Ne6 29. Nf3 Nc5 30. Rad1 Nb3 31. Qf2 Qxa3 32. Ng5 Qf8 33. f5 h6 34. Nf3 gxf5
35. gxf5 Bxf5 36. Nh4 Bg6 37. Re3 Re6 38. Rg3 Ra8 39. Rg1 Kh7 40. d4 Na5 41.
Bf1 Nc4 42. Nf5 a3 43. Bd3 a2 44. Ra1 Qb4 45. Rxa2 Rxa2 46. Qxa2 Qd2+ 47. Qxd2
Nxd2 48. Nd6 Re7 49. Nf5 Bxf5 50. Bxf5+ Kh8 51. Kg2 b5 52. Ra3 Nc4 53. Ra8+ Kg7
54. Rc8 Ne3+ 55. Kf2 Nxf5 56. Rxc6 Nxd4 57. Rc5 Rxe5 0-1

[Event "SG Ennepe-Ruhr-Süd 1 - SV Sundern 1"]
[Site "NRW-Klasse, Gruppe 2 2015/201"]
[Date "2015.09.27"]
[Round "1.5"]
[White "Schulte, Josef"]
[Black "Bruchmann, Norbert"]
[Result "1-0"]
[WhiteElo "1894"]
[BlackElo "2035"]
[PlyCount "165"]
[EventDate "2015.??.??"]
[WhiteTeam "SV Sundern 1"]
[BlackTeam "SG Ennepe-Ruhr-Süd 1"]

1. d4 e6 2. c4 Nf6 3. Nc3 Bb4 4. g3 c5 5. Nf3 b6 6. Bg2 Bb7 7. O-O O-O 8. d5
Bxc3 9. bxc3 d6 10. Nh4 e5 11. e4 g6 12. Bg5 Nbd7 13. f4 Kg7 14. fxe5 dxe5 15.
Qd2 Qc7 16. Bh6+ Kg8 17. Qg5 Nh5 18. Bh3 Rae8 19. Bxf8 Nxf8 20. Nf5 f6 21. Nh6+
Kg7 22. Nf5+ Kh8 23. Qh6 Ba6 24. Ne3 Qd6 25. Bg4 Ng7 26. Qh4 g5 27. Qh6 Ng6 28.
Bf5 Nxf5 29. Rxf5 Rf8 30. Raf1 Bc8 31. R5f2 Kg8 32. Nf5 Bxf5 33. Rxf5 Qe7 34.
Qh5 Kg7 35. R5f2 Qd6 36. Qg4 Kh8 37. Rd1 Re8 38. Qf5 Kg7 39. Rb1 Ne7 40. Qg4
Nc8 41. Qd1 Qe7 42. a4 Nd6 43. Qd3 Qd7 44. Ra1 Qg4 45. Re1 h5 46. Kf1 Rh8 47.
Qf3 Qxf3 48. Rxf3 Nxc4 49. Ke2 Nd6 50. Kd2 h4 51. g4 Rc8 52. Ke3 Nc4+ 53. Ke2
Nd6 54. Re3 c4 55. Rb1 Rc5 56. Kf3 Kf7 57. Re2 Ke7 58. Ke3 Nb7 59. Rf2 Rc8 60.
Rbf1 Rf8 61. Rb1 Kd6 62. Rbf1 Ke7 63. Rb1 Na5 64. Rbf1 Nb3 65. d6+ Ke6 66. d7
Nc5 67. Rxf6+ Rxf6 68. Rxf6+ Kxd7 69. Rf7+ Kc6 70. Rxa7 Kd6 71. a5 b5 72. a6
Kc6 73. Re7 Nxa6 74. Re6+ Kb7 75. Rxe5 Kb6 76. Rxg5 Ka5 77. Kd4 Nc7 78. Rg6 Ka4
79. Rc6 Ne8 80. g5 Ng7 81. g6 Kb3 82. Rb6 Kc2 83. Rxb5 1-0

[Event "SG Ennepe-Ruhr-Süd 1 - SV Sundern 1"]
[Site "NRW-Klasse, Gruppe 2 2015/201"]
[Date "2015.09.27"]
[Round "1.6"]
[White "Osswald, Luis Monty"]
[Black "Kevekordes, Peter"]
[Result "1-0"]
[WhiteElo "2010"]
[BlackElo "1869"]
[PlyCount "113"]
[EventDate "2015.??.??"]
[WhiteTeam "SG Ennepe-Ruhr-Süd 1"]
[BlackTeam "SV Sundern 1"]

1. e4 c6 2. Nc3 d5 3. Nf3 Bg4 4. h3 Bxf3 5. Qxf3 Nf6 6. d3 e6 7. g3 Bb4 8. Bd2
d4 9. Nb1 Bxd2+ 10. Nxd2 e5 11. h4 h5 12. Bh3 Nbd7 13. Qe2 Qe7 14. f4 O-O-O 15.
O-O-O Kb8 16. Nc4 Qc5 17. Rdf1 b5 18. Bxd7 Nxd7 19. Nxe5 Nxe5 20. fxe5 Qxe5 21.
Rxf7 Qxg3 22. Qh2 Qxh2 23. Rxh2 Rhg8 24. b4 Rd6 25. Rg2 g6 26. Rg5 a6 27. Re5
Kc8 28. Ree7 g5 29. hxg5 Rxg5 30. Rh7 Rg1+ 31. Kb2 Rh1 32. Ra7 Kb8 33. Rxa6 h4
34. Raa7 h3 35. Rae7 Rd8 36. e5 h2 37. e6 Rg8 38. Rb7+ Ka8 39. Rbd7 Kb8 40. e7
Kc8 41. Rxd4 Re1 42. Rdh4 Re8 43. Rxh2 R1xe7 44. Rxe7 Rxe7 45. Rh1 Kc7 46. Ra1
Kb6 47. a4 bxa4 48. Rxa4 Kb5 49. Kb3 Re1 50. Ra5+ Kb6 51. Kc4 Rh1 52. c3 Rh4+
53. d4 Rg4 54. Rh5 Rg3 55. b5 cxb5+ 56. Rxb5+ Kc6 57. Rh5 1-0

[Event "SG Ennepe-Ruhr-Süd 1 - SV Sundern 1"]
[Site "NRW-Klasse, Gruppe 2 2015/201"]
[Date "2015.09.27"]
[Round "1.7"]
[White "Schober, Ralf"]
[Black "Heller, Achim"]
[Result "1/2-1/2"]
[WhiteElo "1930"]
[BlackElo "1953"]
[PlyCount "53"]
[EventDate "2015.??.??"]
[WhiteTeam "SV Sundern 1"]
[BlackTeam "SG Ennepe-Ruhr-Süd 1"]

1. d4 d5 2. Nf3 Nf6 3. e3 e6 4. Bd3 Nbd7 5. O-O c6 6. Ne5 Be7 7. Nd2 Nxe5 8.
dxe5 Nd7 9. f4 Nc5 10. Be2 Qb6 11. Nb3 Ne4 12. Bd3 f5 13. Qe1 Bd7 14. Rf3 c5
15. c4 Bc6 16. Rf1 a5 17. Nd2 O-O 18. Rb1 Nxd2 19. Qxd2 Rad8 20. Qe2 Qc7 21. b3
Kh8 22. Bb2 b6 23. Rbd1 Rd7 24. cxd5 Bxd5 25. e4 fxe4 26. Bxe4 Bxe4 27. Qxe4
1/2-1/2

[Event "SG Porz 2 - Oberhausener SV 1"]
[Site "Oberliga NRW 2015/2016"]
[Date "2015.10.25"]
[Round "2.1"]
[White "Hort, Vlastimil"]
[Black "Malykin, Vitaly"]
[Result "1/2-1/2"]
[WhiteElo "2387"]
[BlackElo "2365"]
[PlyCount "38"]
[EventDate "2015.??.??"]
[WhiteTeam "Oberhausener SV 1"]
[BlackTeam "SG Porz 2"]

1. d4 d5 2. Nf3 Nf6 3. c4 c6 4. Nc3 e6 5. e3 Nbd7 6. Qc2 b6 7. cxd5 exd5 8. b3
Bb7 9. Bb2 Bd6 10. Be2 O-O 11. O-O Qe7 12. Rfe1 Rfe8 13. Rad1 Rad8 14. Bf1 Ne4
15. g3 Ndf6 16. Nh4 Qe6 17. Bg2 Nxc3 18. Qxc3 Ne4 19. Qc1 Qf6 1/2-1/2

[Event "SG Porz 2 - Oberhausener SV 1"]
[Site "Oberliga NRW 2015/2016"]
[Date "2015.10.25"]
[Round "2.2"]
[White "Korotkjevich, Stanislav"]
[Black "Becker, Marcel"]
[Result "1-0"]
[WhiteElo "2333"]
[BlackElo "2321"]
[PlyCount "125"]
[EventDate "2015.??.??"]
[WhiteTeam "SG Porz 2"]
[BlackTeam "Oberhausener SV 1"]

1. d4 d5 2. c4 c6 3. Nc3 Nf6 4. e3 Bg4 5. f3 Bf5 6. cxd5 cxd5 7. Qb3 Bc8 8. Bd3
Nc6 9. Nge2 e6 10. Bd2 Bd6 11. O-O O-O 12. Rad1 e5 13. dxe5 Nxe5 14. Bb1 a6 15.
Nf4 Be6 16. Bc1 Nc4 17. Nce2 Qe7 18. Rfe1 Rac8 19. Nd4 Bb8 20. Qd3 Qc7 21. g3
Ne5 22. Qe2 Qb6 23. b3 Rfe8 24. Bb2 Bd7 25. Qf2 Ng6 26. Kh1 Re7 27. Nf5 Bxf5
28. Bxf5 Rce8 29. Bd4 Qd6 30. Bxg6 fxg6 31. Bxf6 gxf6 32. Nxd5 Rf7 33. e4 Qa3
34. Rc1 Bd6 35. Qd4 Be5 36. Qd2 Bd6 37. Rc2 Bf8 38. Kg2 Bg7 39. Qb4 Qxb4 40.
Nxb4 f5 41. Nd5 fxe4 42. Rxe4 Rd8 43. Nf4 Bf6 44. Ne6 Rb8 45. f4 Re7 46. Kf3
Kf7 47. Rce2 Rd7 48. R4e3 Rc8 49. g4 Rc6 50. f5 gxf5 51. gxf5 Rd5 52. Kf4 Rc1
53. Ng5+ Bxg5+ 54. Kxg5 Rg1+ 55. Kh6 Rxf5 56. Re7+ Kf8 57. Re8+ Kf7 58. R2e7+
Kf6 59. Re6+ Kf7 60. R8e7+ Kf8 61. Rxb7 Rf2 62. h4 Rh1 63. Rxa6 1-0

[Event "SG Porz 2 - Oberhausener SV 1"]
[Site "Oberliga NRW 2015/2016"]
[Date "2015.10.25"]
[Round "2.3"]
[White "Kaufeld, Juergen"]
[Black "Pauly, Carlo"]
[Result "1-0"]
[WhiteElo "2261"]
[BlackElo "2239"]
[PlyCount "69"]
[EventDate "2015.??.??"]
[WhiteTeam "Oberhausener SV 1"]
[BlackTeam "SG Porz 2"]

1. d4 Nf6 2. g3 g6 3. Bg2 Bg7 4. c4 d6 5. Nf3 O-O 6. O-O Nc6 7. Nc3 a6 8. Bf4
Nh5 9. Bg5 h6 10. Be3 f5 11. Qd2 Kh7 12. Rfd1 e5 13. dxe5 dxe5 14. Bc5 Qxd2 15.
Nxd2 Rf6 16. Nb3 Be6 17. Bd5 Bd7 18. Rd2 b6 19. Be7 Re6 20. Bxe6 Bxe6 21. Ba3
Bxc4 22. Rd7 Rc8 23. Nd5 Bxd5 24. Rxd5 Nf6 25. Rdd1 a5 26. Rac1 Nb4 27. Bxb4
axb4 28. Rc6 Kg8 29. Nc1 e4 30. h3 Kf7 31. Rd4 Bf8 32. e3 Bc5 33. Rd2 Ke7 34.
Nb3 Nd7 35. Rd5 1-0